Public relations and the social web : using social media and Web 2.0 in communications (Record no. 465011)

MARC details
000 -LEADER
fixed length control field 00622nam a2200193Ia 4500
008 - FIXED-LENGTH DATA ELEMENTS--GENERAL INFORMATION
fixed length control field 210417s9999 xx 000 0 und d
020 ## - INTERNATIONAL STANDARD BOOK NUMBER
International Standard Book Number 9780749459611
-- 749459611
082 ## - DEWEY DECIMAL CLASSIFICATION NUMBER
Classification number 659.202854678 BRO
Item number 2.659.202854678BRO
245 #0 - TITLE STATEMENT
Title Public relations and the social web : using social media and Web 2.0 in communications
Statement of responsibility, etc. Public relations and the social web using social media and Web 20 in communications
250 ## - EDITION STATEMENT
Remainder of edition statement "x, 182 p. ; 25 cm.,pbk."
260 ## - PUBLICATION, DISTRIBUTION, ETC.
Place of publication, distribution, etc. London ; Philadelphia
Name of publisher, distributor, etc. Kogan Page
Date of publication, distribution, etc. 2009
700 ## - ADDED ENTRY--PERSONAL NAME
Personal name "Brown, Rob"
Numeration Rob Brown.

No items available.

Find us on the map